000 00972nmc a2200289 a 4500
003 AR-BaBNM
005 20251128205129.0
008 036119s1984 ||||||||||||||000 | spa||
020 _a968-16-1624-3
040 _cAR-BaBNM
100 1 _aUvalle Berrones, Ricardo
245 1 0 _aEl gobierno en acción
_bla formación del régimen presidencial de la administración pública
250 _a1ª ed.
260 _aMéxico, D.F.
_bFondo de Cultura Económica
_c1984
300 0 _a186 p.
490 0 _aSección de obras de administración pública
500 0 _aEstudia la historia de la formación y el desarrollo del régimen presidencial y su correlato administrativista público
650 4 _aESTADO
650 4 _aSISTEMAS PRESIDENCIALES
650 4 _aPOLITICA GUBERNAMENTAL
650 4 _aADMINISTRACION PUBLICA
650 4 _aSISTEMAS PARLAMENTARIOS
650 4 _aPRESIDENCIA
700 1 _aGuerrero, Omar
_eprologuista
942 _cBK
998 _cEnrique
999 _c10110
_d10110